မြန်မာကဗျာစာတမ်းများ / (Record no. 27251)

000 -LEADER
fixed length control field 01138nam a22001937a 4500
005 - DATE AND TIME OF LATEST TRANSACTION
control field 20260127145450.0
008 - FIXED-LENGTH DATA ELEMENTS--GENERAL INFORMATION
fixed length control field 230715b ||||| |||| 00| 0 eng d
040 ## - CATALOGING SOURCE
Transcribing agency SSBUL
Modifying agency SSBUL
082 ## - DEWEY DECIMAL CLASSIFICATION NUMBER
Edition number 23
Classification number ၈၉၅.၈၁ မြန် ၁၆၀၁၉ (S-SAT)
245 ## - TITLE STATEMENT
Title မြန်မာကဗျာစာတမ်းများ /
Statement of responsibility, etc. ဦးတင်မောင်ဌေး၊ ဒေါ်မြမြသန်း၊ တင်မိုး၊ သူရဇော်၊ မြဇင်..နှင့်အခြား။
260 ## - PUBLICATION, DISTRIBUTION, ETC.
Place of publication, distribution, etc. ရန်ကုန်၊
Name of publisher, distributor, etc. စာပေဗိမာန်၊
Date of publication, distribution, etc. ၁၉၈၃။
300 ## - PHYSICAL DESCRIPTION
Extent ၁၉၆ စာမျက်နှာ၊
Dimensions ၂၂ စင်တီ။
440 ## - SERIES STATEMENT/ADDED ENTRY--TITLE
Title စာပေဗိမာန်ထုတ် ပြည်သူ့လက်စွဲစာစဉ်။
9 (RLIN) 27865
500 ## - GENERAL NOTE
General note S-SAT: Dr. Prof Sai Aung Tun
650 ## - SUBJECT ADDED ENTRY--TOPICAL TERM
Topical term or geographic name entry element မြန်မာကဗျာ
General subdivision သမိုင်းနှင့် ဝေဖန်ရေး။
9 (RLIN) 28052
Topical term or geographic name entry element မြန်မာစာပေ
General subdivision ကဗျာ။
9 (RLIN) 28053
700 ## - ADDED ENTRY--PERSONAL NAME
Personal name တင်မောင်ဌေး၊
Titles and other words associated with a name ဦး။
9 (RLIN) 28054
942 ## - ADDED ENTRY ELEMENTS (KOHA)
Source of classification or shelving scheme
Koha item type Book (Short term)
Holdings
Withdrawn status Lost status Source of classification or shelving scheme Damaged status Not for loan Collection code Permanent Location Current Location Shelving location Date acquired Total Checkouts Total Renewals Full call number Barcode Date last seen Date last checked out Price effective from Koha item type Accession
          Special Collections Shan State Buddhist University Library Shan State Buddhist University Library Special Collection Shelves 15/07/2023 2 1 ၈၉၅.၈၁ မြန် ၁၆၀၁၉ (S-SAT) MB00016019 05/06/2025 31/05/2025 15/07/2023 Book (Short term) ၁၆၀၁၉ (S-SAT)

Library - 09407999929
Admin Office - 09407999979
Dean Office - 09250910768
Registrar Office - 09892297154
Email - [email protected]
Shan State Buddhist University, Phaya Phyu Taunggyi, Shan State, Myanmar.